000 00511 a2200181 4500
003 OSt
005 20240206153956.0
008 240206b |||||||| |||| 00| 0 eng d
020 _a9789393016041
040 _cOCLC
082 _a894.8123
_bKOY/S
100 _aKoya, P A Mohamed
_97111
245 _aSultan veedu /
_cP A Muhammed Koya
250 _a1st ed.
260 _aKOZHIKODE:
_bOLIVE PUBLICATION,
_c2021.
300 _a594P.
942 _2ddc
_cBK
_h894.8123
_iKOY/S
_k894.8123
_mKOY/S
999 _c44331
_d44331